Gaonburha (Record no. 2583)

MARC details
000 -LEADER
fixed length control field 00487cam a2200193ua 4500
001 - CONTROL NUMBER
control field 2736
005 - DATE AND TIME OF LATEST TRANSACTION
control field 20260515113550.0
008 - FIXED-LENGTH DATA ELEMENTS--GENERAL INFORMATION
fixed length control field 110907n ii |||gr||||Z||||||asm
040 ## - CATALOGING SOURCE
Transcribing agency MAIN
082 ## - DEWEY DECIMAL CLASSIFICATION NUMBER
Classification number 891.4512
100 1# - MAIN ENTRY--PERSONAL NAME
Personal name Gohainbarua, Padmanath,
Relator term Author.
245 11 - TITLE STATEMENT
Title Gaonburha
Statement of responsibility, etc. by Padmanath Gohainbarua
250 ## - EDITION STATEMENT
Edition statement 1st.
260 ## - PUBLICATION, DISTRIBUTION, ETC.
Place of publication, distribution, etc. Guahati:
Name of publisher, distributor, etc. Secretary publication board assam,987.
300 ## - PHYSICAL DESCRIPTION
Extent 51p:
Dimensions 23cm.
653 ## - INDEX TERM--UNCONTROLLED
Uncontrolled term Assamese drama
653 ## - INDEX TERM--UNCONTROLLED
Uncontrolled term Gaonburha
942 ## - ADDED ENTRY ELEMENTS (KOHA)
Koha item type Books
Holdings
Withdrawn status Lost status Damaged status Not for loan Home library Current library Shelving location Date acquired Total checkouts Full call number Barcode Date last seen Date last checked out Copy number Price effective from Koha item type
        Naharkatiya College Library Naharkatiya College Library General stacks 09/19/2020 2 891.4512 | GOH 8677 01/22/2026 12/09/2025 1 09/19/2020 Books